Quality assurance in higher education : (Record no. 90166)

MARC details
000 -LEADER
fixed length control field 00654nam a22002057a 4500
005 - DATE AND TIME OF LATEST TRANSACTION
control field 20141121144327.0
010 ## - LCCN (DPL NO)
LC control number ENG-111296
020 ## - INTERNATIONAL STANDARD BOOK NUMBER
International Standard Book Number 9789380261928
Terms of availability 695.00
035 ## - SYSTEM CONTROL NUMBER
System control number EN-94828
037 ## - SOURCE OF ACQUISITION
Source of stock number/acquisition DBAD/PUB
082 ## - DEWEY DECIMAL CLASSIFICATION NUMBER
Classification number 378.541
245 ## - TITLE STATEMENT
Title Quality assurance in higher education :
Statement of responsibility, etc edited by Nayan Kalita [and] Jadab Ch. Goswami
Remainder of title role of stakeholders /
260 ## - PUBLICATION, DISTRIBUTION, ETC. (IMPRINT)
Place of publication, distribution, etc Guwahati
Name of publisher, distributor, etc EBH Publishers
Date of publication, distribution, etc 2013
270 ## - ADDRESS
Address 136, M.L. Nehru Road, Panbazar
City Guwahati
Postal code 781001
300 ## - PHYSICAL DESCRIPTION
Extent xvi,176p.
Dimensions 23cm(Hb)
500 ## - GENERAL NOTE
General note Includes index
700 ## - ADDED ENTRY--PERSONAL NAME
Personal name Kalita, Nayan
700 ## - ADDED ENTRY--PERSONAL NAME
Personal name Goswami, Jadab Ch.
942 ## - ADDED ENTRY ELEMENTS (KOHA)
Source of classification or shelving scheme Dewey Decimal Classification
Item type English Books
Call number suffix QUA
Classification part 378.541
Holdings
Withdrawn status Lost status Not for loan Collection code Home library Current library Date acquired Source of acquisition Cost, normal purchase price Full call number Barcode Copy number Cost, replacement price Koha item type
    Not For Loan Non-fiction D.B.Act.Division D.B.Act.Division 19/11/2014 DBAD/PUB 695.00 378.541 QUA EN-94828 1 695.00 English Books

© Delhi Public Library
Hit Counter
free hit counter